Sports Quiz

Random Sports or Animal Quiz

5 to 1: Animal Mascots Quiz Stats

 Plays Quiz Updated Jun 6, 2019

Score 0/15 Timer 03:00
1 Play Today
% Correct
Baltimore
95.3%
Atlanta
92.5%
Chicago
89.1%
Jacksonville
87.5%
Denver
85.1%
Philadelphia
83.6%
St. Louis
83.4%
Indianapolis
83%
% Correct
Detroit
82.4%
Cincinnati
82.3%
Memphis
81.8%
San Jose
80.4%
New Orleans
78.6%
Charlotte
74.5%
Boston
73%

You're not logged in!

Compare scores with friends on all Sporcle quizzes.
OR
Log In

Sporcle TV

Today on Sporcle TV


Watch our educational content, quiz creation guides, and fun videos on Sporcle TV.

Show Comments

Extras

Top Quizzes Today


Score Distribution

Your Account Isn't Verified!

In order to create a playlist on Sporcle, you need to verify the email address you used during registration. Go to your Sporcle Settings to finish the process.

Report this User

Report this user for behavior that violates our Community Guidelines.

Details: